| 000 | 00630nam a22001697a 4500 | ||
|---|---|---|---|
| 999 |
_c12311 _d12311 |
||
| 008 | 190122b ||||| |||| 00| 0 eng d | ||
| 082 |
_21957 _aDFil 920 _bSa5 |
||
| 100 |
_aSantiago, Aurea _934782 |
||
| 245 |
_aAng Talambuhay ni Rizal: _bat ang kanyang mga tula at kuwento / _cAurea Jimenez Santiago at Guillermo Y. Santiago-Cuino |
||
| 250 | _a1974 Edition | ||
| 260 |
_aManila: _bPhilippine Book Company, _c1957 |
||
| 300 |
_a138 pages: _billustrations; _c22 cm. |
||
| 500 | _aMay kalakip na talasalitaan | ||
| 650 |
_aRizal, Jose 1861-1896 _934783 |
||
| 700 |
_aSantiago-Cuino, Guillermo Y. _c[author] _934784 |
||
| 942 |
_2ddc _cDFIL |
||